2024-25 NFL WR BY PICTURE - Statistics

General Stats
  • This quiz has been taken 55 times
  • The average score is 36 of 44
Answer Stats
Picture Answer % Correct
Justin Jefferson
100%
Ja'Marr Chase
96%
Puka Nacua
94%
CeeDee Lamb
92%
Cooper Kupp
92%
Davante Adams
92%
Tyreek Hill
92%
Amon-Ra St. Brown
90%
Deebo Samuel Sr.
90%
Drake London
90%
Tee Higgins
90%
A.J. Brown
88%
Marvin Harrison Jr.
88%
DeVonta Smith
86%
DK Metcalf
86%
Malik Nabers
86%
Nico Collins
86%
Adam Thielen
84%
Garrett Wilson
84%
Jaylen Waddle
84%
Jerry Jeudy
84%
Mike Evans
84%
Brian Thomas Jr.
82%
George Pickens
82%
Keenan Allen
82%
Xavier Worthy
82%
Jordan Addison
80%
Terry McLaurin
80%
Chris Godwin
78%
Jaxon Smith-Njigba
78%
Ladd McConkey
78%
Zay Flowers
78%
Courtland Sutton
76%
DJ Moore
76%
Michael Pittman Jr.
76%
Khalil Shakir
73%
Tank Dell
73%
Jameson Williams
71%
Jauan Jennings
67%
Calvin Ridley
65%
Jakobi Meyers
63%
Jayden Reed
63%
Darnell Mooney
59%
Josh Downs
55%
No matching quizzes found
Score Distribution
Percent of People with Each Score
Percentile by Number Answered
Your Score History
You have not taken this quiz